000 01108nam a22002537a 4500
005 20170124103033.0
010 _aA-758796
020 _c75.00
_a8170162815
035 _aA-758796
037 _bCen Lib/Ret
040 _aDPL
_bHN
082 _a
_bबिष्टप
100 _aबिष्ट, पंकज
_964350
245 _aटुन्ड्रा प्रदेश :
_cपंकज बिष्ट
_bतथा अन्य कहानियां /
246 _aTundra pradesh : tatha anya kahaniyan /
_bby Pankaj Bisht
260 _aनयी दिल्ली
_bकिताबघर प्रकाशन
_c1995
270 _a24, अनासरी रोड, दरयागंज
_bनयी दिल्ली
_e110002
300 _a136पृ.
_c19सेमी (सजिल्द)
650 _aहिंदी साहित्य
_964351
650 _aहिंदी साहित्य
_xकहानियां
_964352
650 _aHindi literature
_964353
650 _aHindi literature
_xStories
_964354
942 _2ddc
_cHN
_h
_mबिष्टप
999 _c116006
_d116006